000 00313nam a22001337a 4500
008 170329b xxu||||| |||| 00| 0 eng d
020 _a0397508638
041 _aeng
080 _22ND
_a616-053.2
100 _a8
101 _aSHM
245 _aSIGHNS & SYMPTOMS IN PEDIATRICS
_cTUNNESSEN, W.W
942 _2udc
_cBK
999 _c8968
_d8968